000
00314nam a2200133Ia 4500
008
191201s2011 xx 000 0 und d
100
_a
ELMASRI,Ramez
245
0
_a
Fundamentals of Data Base Systems
250
_a
IMP6th
260
_c
2011
_b
pearson
_a
N. delhi
300
_a
1143
650
_a
CSE
942
_2
ddc
_c
BB
999
_c
7716
_d
7716